Discographie de Måneskin (2017-2023) - Statistiques

Statistiques générales
  • Ce quiz a été pris 252 fois
  • Le résultat moyen est 26 sur 49
Statistiques - réponses
Réponse % Correct
Beggin
86%
Chosen
83%
CORALINE
82%
VALENTINE
78%
I WANNA BE YOUR SLAVE
77%
ZITTI E BUONI
74%
THE LONELIEST
73%
SUPERMODEL
72%
Torna a casa
69%
THE DRIVER
68%
BABY SAID
67%
MAMMAMIA
66%
GASOLINE
65%
FOR YOUR LOVE
61%
BLA BLA BLA
60%
HONEY (ARE YOU COMING?)
60%
KOOL KIDS
60%
TIMEZONE
60%
GOSSIP (feat Tom Morello)
58%
VENT'ANNI
56%
FEEL
55%
MARK CHAPMAN
55%
READ YOUR DIARY
55%
OWN MY MIND
53%
Somebody Told Me
53%
L'altra dimensione
52%
OFF MY FACE
52%
TRASTEVERE
52%
DON'T WANNA SLEEP
51%
LA FINE
51%
LA PAURA DEL BUIO
50%
Morirò da re
49%
IN NOME DEL PADRE
47%
IF NOT FOR YOU
46%
Let's Get It Started
46%
IL DONO DELLA VITA
45%
Are You Ready?
44%
Le parole lontane
43%
Fear for Nobody
40%
Recovery
40%
Vengo dalla Luna
39%
New Song
38%
LIVIDI SUI GOMITI
36%
Sh*t Blvd
33%
Immortale (feat Vegas Jones)
31%
Lasciami stare
30%
You Need Me, I Don't Need You
30%
Close to the Top
29%
Niente da dire
25%
Aucun quiz correspondant
Distribution des résultats
% des personnes avec chaque résultat
Percentile par nombre de réponses
Votre historique - résultats
Vous n’avez pas pris ce quiz